| 000 | 00469nam a2200169 a 4500 | ||
|---|---|---|---|
| 005 | 20140412111340.0 | ||
| 008 | 050419s19uu xx 00 eng d | ||
| 020 | _a0-671-70297-1 | ||
| 050 |
_aER _bIL8 1988 |
||
| 100 | _aBuller, Jon | ||
| 245 |
_aI love you, good night / _cby jon Buller and susan Schade. |
||
| 260 |
_aNew York : _bLittle Simon, _c1988. |
||
| 300 | _a1 v. (unp.) ; ill. | ||
| 650 |
_aLove _xFiction |
||
| 650 | _aChildren stories | ||
| 999 |
_c105103 _d105103 |
||